Nomes que começam com B - Statistics

Estatísticas Gerais
  • Esse quiz foi jogado 228 vezes
  • A pontuação média é 6 de 13
Estatísticas das Respostas
Hint Resposta % Correto
2. Bruna
91%
1. Bruno
89%
5. Beatriz
86%
3. Bianca
78%
12. Bernardo
76%
4. Bárbara
60%
6. Benedita
28%
13. Benjamin
23%
10. Betina
16%
7. Belmira
7%
11. Brigitte
7%
8. Belmiro
5%
9. Berdina
0%
Nenhum quiz correspondente encontrado
Distribuição das Pontuações
Porcentagem de Pessoas com Cada Pontuação
Percentil de Números Respondidos
Sua Pontuação Histórica
Você não jogou esse quiz